| 000 | 01127cam a2200229 i 4500 | ||
|---|---|---|---|
| 999 |
_c57754 _d57754 |
||
| 001 | 18979849 | ||
| 005 | 20201102135701.0 | ||
| 008 | 160218s2017 mau b 001 0 eng | ||
| 020 | _a9789353944056 | ||
| 080 | _a640.41:005.93:338.488 H-41 | ||
| 100 | 1 |
_aHayes, David K., _eauthor. _99680 |
|
| 245 | 1 | 0 |
_aHotel operations management / _cDavid K. Hayes, Ph.D., Panda Professionals Hospitality Education and Training, Okemos, Michigan, Jack D. Ninemeier, Ph.D., Professor Emeritus, The School of Hospitality Business, Michigan State University, East Lansing, Michigan, Allisha A. Miller, Panda Professionals Hospitality Education and Training, Okemos, Michigan. |
| 250 | _aThird edition. | ||
| 264 | 1 |
_aBoston : _bPearson, _c[2017] |
|
| 300 |
_axix, 595 pages ; _c27 cm. |
||
| 650 | 0 |
_aHotel management. _99681 |
|
| 653 | _aსასტუმროების მენეჯმენტი | ||
| 700 | 1 |
_aNinemeier, Jack D. _eავტორი _99682 |
|
| 700 | 1 |
_aMiller, Allisha A. _eავტორი _99683 |
|
| 942 |
_2udc _cBK |
||
| 955 |
_brk09 2016-02-18 _irk09 2016-02-18 _axn08 2016-08-12 1 copy rec'd., to CIP ver. |
||